000 01115nam a22003377a 4500
001 BR2010000982
003 BR-BrBNA
005 20230928103208.0
007 ta
008 230509b bl.||||| |||| 00| 0 por d
040 _aBR-BrBNA
_bpor
_cBiblioteca Nacional de Agricultura
041 _a(Por)
072 _aQ03
_b7110
090 _ 7110 BR2010000982
100 1 _aPittella, C.M.
110 1 _aUniversidade Federal de Minas Gerais, Belo Horizonte (Brasil). Escola de Veterinária
_0Tese (Mestre em Ciência Animal)
245 1 _aDeterminação de resíduos de pesticidas em mel de abelhas (Apis sp)por cromatografia de fase gasosa acoplada à espectrometria de massas
260 3 _aBelo Horizonte, MG (Brasil):
_c2009.
300 _a117 p.
500 _aSummaries (Eng, Por); Bibliography p. 76-82; 15 tables; 67 illus.
650 _aMEL
650 _aAGROTÓXICO
650 _aPESTICIDA
650 _aRESÍDUO
650 _aANÁLISE DE ALIMENTO
650 _aCONTAMINAÇÃO
650 _aCROMATOGRAFIA
650 _aESPECTROMETRIA
909 _a202309
_bLucia
_c55
_dLucia Elande
942 _cBK
999 _c74090
_d74090